Third five year plan: Progress report 1961-62 (Record no. 19739)

MARC details
000 -LEADER
fixed length control field 00312nam a2200109Ia 4500
082 ## - DEWEY DECIMAL CLASSIFICATION NUMBER
Classification number 338.26(540)
Item number THI
245 #0 - TITLE STATEMENT
Title Third five year plan: Progress report 1961-62
260 ## - PUBLICATION, DISTRIBUTION, ETC. (IMPRINT)
Place of publication Delhi
Name of publisher Manager of publications
Year of publication 1963
650 ## - SUBJECT ADDED ENTRY--TOPICAL TERM
Topical Term Third five year plan
942 ## - ADDED ENTRY ELEMENTS (KOHA)
Koha item type Books
Holdings
Withdrawn status Lost status Damaged status Not for loan Home library Current library Date acquired Full call number Accession Number Koha item type
        RRII Library RRII Library 16/12/2021 338.26(540) THI 00471 Books